000 00366nam a2200145 i 4500
001 bg
100 1 _aDWIGHT, Herbert Bristol
245 0 _aTablicy integralov i drugie matematiceskie formuly /
_cHerbert Bristol Dwight.
260 _aMoskva,
_c1977.
040 _cBPK
041 _apol
080 _a51
942 _cKS
008 s pl f |000 0 pol
999 _c18007
_d18007
856 _uhttp://koha.tu.koszalin.pl/cgi-bin/koha/opac-detail.pl?biblionumber=18007
_yKatalog online BPK